تحفة الأحباب وبغية الطلاب فى : (Record no. 16010)
[ view plain ]
| 000 -الفاتح | |
|---|---|
| حقل البيانات ثابتة الطول | 01079nam a22001817a 4500 |
| 008 - عناصر البيانات ثابتة الطول - معلومات عامة | |
| حقل البيانات ثابتة الطول | 110913s1986 ua||||| |||| 00| 0 ara d |
| 082 ## - رقم تصنيف ديوى العشرى | |
| رقم الطبعة | 22 |
| رقم التصنيف | 297.35 |
| رقم المادة | ح ن ف |
| 100 1# - المدخل الرئيسى - إسم شخصى | |
| 9 (RLIN) | 27149 |
| الإسم الشخصى | الحنفى ، أبى الحسن نور الدين على بن أحمد بن عمر بن خلف بن محمود السخاوى |
| 245 ## - بيان العنوان | |
| العنوان | تحفة الأحباب وبغية الطلاب فى : |
| بقية العنوان | الخطط والمزارات ، والتراجم والبقاع المباركات / |
| بيان المسئوليه,etc | أبى الحسن نور الدين على بن أحمد بن عمر بن خلف بن محمود السخاوى الحنفى |
| 250 ## - بيان الطبعة | |
| بيان الطبعة | ط 2. |
| 260 ## - PUBLICATION, DISTRIBUTION, ETC. (IMPRINT) | |
| مكان الناشر او الموزع | القاهرة : |
| اسم الناشر او الموزع | مكتبة الكليات الأزهرية ، |
| تاريخ النشر أو التوزيع | 1986. |
| 300 ## - الوصف المادى | |
| التعداد | 471 ص ؛ |
| أبعاد الوعاء | 24 سم. |
| 500 ## - تبصرة عامة | |
| تبصرة عامة | قام بالتصحيح والمراجعة لفيف من العلماء |
| 650 #0 - المدخل الاضافى بالموضوع-مصطلح موضوعى | |
| 9 (RLIN) | 27151 |
| مصطلح موضوعي أو اسم جغرافي كعنصر مدخل | الأماكن المقدسة |
| 653 ## - مصطلح تكشيفى غير مقيد | |
| Resource For college | |
| Arrived date list | September2011 |
| 942 ## - عناصر المدخل الإضافي( كوها) | |
| مصدر التصنيف او مخطط الترفيف | Dewey Decimal Classification |
| Koha [default] item type | Book - Borrowing |
| حالة التراجع | حالة الفقد | مصدر التصنيف او خطة الترفيف | حالة تلف | ليس للاعارة | مجموعات كوها | المكان الدائم | المكان الحالي | موقع الترفيف | تاريخ الاكتساب | رقم الاستدعاء | الباركود | Date last seen | نوع الوعاء |
|---|---|---|---|---|---|---|---|---|---|---|---|---|---|
| Dewey Decimal Classification | Alef-Baa | Central Library | Central Library | Lower Floor | 13/09/2011 | 297.35 ح ن ف | 000024641 | 15/07/2025 | Book - Borrowing |